000 00513nam a22001697a 4500
003 NUST - PNEC
005 20170116180854.0
008 150827b xxu||||| |||| 00| 0 eng d
020 _a0444892141
040 _cLIBRARY
082 _a670.285 VEN
100 _95881
_aVenkatesh V.C
245 _a7th International Conference on Computer-Aided Production Engineering : Cookeville, TN, USA, August 13-14, 1991
_cV.C Venkatesh
260 _cc1991.
650 _95882
_aProduction engineering
_xME
942 _2ddc
_cBK
999 _c64733
_d64733